000 00503nam a2200181Ia 4500
999 _c29634
_d29634
003 OSt
005 20201123105128.0
008 190216s9999||||xx |||||||||||||| ||und||
020 _a9788126414062
040 _coclc
082 _a894.8123
_bRAM/J
100 _aRamanunni, K P
_96841
245 0 _aJeevithathinte Pusthakam /
_cK P Ramanunni
260 _bDc Books,
_c2010.
_aKottayam:
300 _a486p
650 _aNovel
942 _cBK
_2ddc
_h894.8123
_iRAM/J
_k894.8123
_mRAM/J